Saltos de Caballo - Muerte súbita - Estadísticas

Estadísticas generales
  • Esta prueba ha sido intentada 26 veces
  • La puntuación promedio es 24 de 48
Answers on the Grid
Answers color-coded by a green-red scale on the quiz's grid according to % correct below.
 
Estadísticas de respuestas
Respuesta % Correcto
86%
79%
71%
64%
64%
64%
57%
57%
57%
57%
57%
57%
57%
57%
50%
50%
50%
50%
50%
50%
50%
50%
50%
50%
50%
50%
50%
50%
50%
50%
43%
43%
43%
43%
43%
43%
43%
43%
43%
43%
43%
43%
36%
36%
29%
29%
29%
21%
No se encontraron pruebas coincidentes
Distribución de puntuación
Porcentaje de gente con cada puntuación
Porcentaje por número respondido
Historial de tus puntuaciones
No has intentado esta prueba.